Oregon Major & Minor Teams - Statistics

General Stats
  • This quiz has been taken 28 times
  • The average score is 6 of 9
Answer Stats
NCAA % Correct
Oregon Ducks
100%
Oregon State Beavers
95%
Portland Trail Blazers
90%
Portland Timbers
86%
Portland Pilots
62%
Portland State Vikings
62%
Eugene Emeralds
57%
Portland Winterhawks
48%
Hillsboro Hops
38%
No matching quizzes found
Score Distribution
Percent of People with Each Score
Percentile by Number Answered
Your Score History
You have not taken this quiz